<?xml version="1.0" encoding="UTF-8"?><?xml-stylesheet type="text/xsl" href="static/style.xsl"?><OAI-PMH xmlns="http://www.openarchives.org/OAI/2.0/" xmlns:xsi="http://www.w3.org/2001/XMLSchema-instance" xsi:schemaLocation="http://www.openarchives.org/OAI/2.0/ http://www.openarchives.org/OAI/2.0/OAI-PMH.xsd"><responseDate>2026-04-28T19:36:18Z</responseDate><request verb="GetRecord" identifier="oai:uvadoc.uva.es:10324/7540" metadataPrefix="marc">https://uvadoc.uva.es/oai/request</request><GetRecord><record><header><identifier>oai:uvadoc.uva.es:10324/7540</identifier><datestamp>2021-06-18T09:32:22Z</datestamp><setSpec>com_10324_38</setSpec><setSpec>col_10324_787</setSpec></header><metadata><record xmlns="http://www.loc.gov/MARC21/slim" xmlns:doc="http://www.lyncode.com/xoai" xmlns:xsi="http://www.w3.org/2001/XMLSchema-instance" xmlns:dcterms="http://purl.org/dc/terms/" xsi:schemaLocation="http://www.loc.gov/MARC21/slim http://www.loc.gov/standards/marcxml/schema/MARC21slim.xsd">
<leader>00925njm 22002777a 4500</leader>
<datafield tag="042" ind1=" " ind2=" ">
<subfield code="a">dc</subfield>
</datafield>
<datafield tag="720" ind1=" " ind2=" ">
<subfield code="a">Cicuéndez Ávila, Ramón</subfield>
<subfield code="e">author</subfield>
</datafield>
<datafield tag="260" ind1=" " ind2=" ">
<subfield code="c">2014</subfield>
</datafield>
<datafield tag="520" ind1=" " ind2=" ">
<subfield code="a"> La sepsis grave y shock séptico son un problema sanitario principal, que afecta a millones de personas en el mundo cada año, mata a uno de cada cuatro (por lo menos) y cuya incidencia está en crecimiento.&#xd;
 Su complejidad, y la gran variabilidad de signos y síntomas inespecíficos que provoca, hacen que su diagnóstico temprano y la determinación de su gravedad sea difíciles de establecer.&#xd;
 Los biomarcadores pueden jugar un papel importante en el diagnóstico precoz y determinación del pronóstico de la sepsis.&#xd;
 En nuestro estudio hemos hallado un grado significativo de correlación lineal entre los niveles de lactato y procalcitonina al ingreso que indica un grado de paralelismo entre ambos en el contexto de la sepsis.&#xd;
 Ninguno de los biomarcadores analizados ha demostrado un papel pronóstico en nuestra cohorte. En este sentido la proADM podría mejorar este aspecto, ayudando al clínico a decidir el ingreso precoz en UVI de aquellos pacientes con criterios de sepsis grave/shock séptico.</subfield>
</datafield>
<datafield tag="024" ind2=" " ind1="8">
<subfield code="a">http://uvadoc.uva.es/handle/10324/7540</subfield>
</datafield>
<datafield ind1=" " ind2=" " tag="653">
<subfield code="a">Sepsis - Biomarcadores</subfield>
</datafield>
<datafield tag="245" ind1="0" ind2="0">
<subfield code="a">Proadrenomedulina como biomarcador en la sepsis</subfield>
</datafield>
</record></metadata></record></GetRecord></OAI-PMH>